Технологические компьютерные тренажёры: всё что вы всегда хотели знать...; Промышленные АСУ и контроллеры; № 12

Détails bibliographiques
Parent link:Промышленные АСУ и контроллеры: ежемесячный научно-технический производственный журнал.— , 2002-
№ 12.— 2004.— С. 1-13
Auteur principal: Дозорцев В. М.
Autres auteurs: Кнеллер Д. В.
Langue:russe
Publié: 2004
Collection:АСУ для промышленных предприятий
Sujets:
Format: MixedMaterials Chapitre de livre
KOHA link:https://koha.lib.tpu.ru/cgi-bin/koha/opac-detail.pl?biblionumber=395242

MARC

LEADER 00000naa2a2200000 4500
001 395242
005 20231101064607.0
035 |a (RuTPU)RU\TPU\prd\32438 
090 |a 395242 
100 |a 20050207a2004 k y0rusy50 ca 
101 0 |a rus 
102 |a RU 
200 1 |a Технологические компьютерные тренажёры: всё что вы всегда хотели знать...  |f В. М. Дозорцев, Д. В. Кнеллер 
225 1 |a АСУ для промышленных предприятий 
320 |a Библиогр.: 6 назв. 
461 1 |0 (RuTPU)RU\TPU\prd\2287  |t Промышленные АСУ и контроллеры  |o ежемесячный научно-технический производственный журнал  |d 2002- 
463 1 |0 (RuTPU)RU\TPU\prd\31981  |t № 12  |v С. 1-13  |d 2004 
610 1 |a компьютерные тренажёры 
610 1 |a технологические тренажёры 
610 1 |a тренинги 
610 1 |a тренинги операторов 
700 1 |a Дозорцев  |b В. М. 
701 1 |a Кнеллер  |b Д. В. 
801 1 |a RU  |b 63413507  |c 20050207  |g PSBO 
801 2 |a RU  |b 63413507  |c 20150303  |g RCR 
942 |c BK